000 01418nam a2200313 a 4500
999 _c437088
_d437088
003 BLK
005 20240806150743.0
008 180410b bul|||||r ||||||| ||bul||
010 _aKNG00153457000
020 _a978-619-7433-46-3
040 _aBLK
041 _aBUL
_cBUL
080 _aБългарски език
_b811.163.2
_x'276
_z811.163.2'276
100 1 _aАбазова, Стефанка Боянова
_eпърви автор
_9329550
139 _aАбазова, Стефанка Боянова
_bА 12
245 1 0 _aБългарите за жаргона, вулгаризмите и професионалната лексика
_cСтефанка Абазова.
257 _aBGR
260 _aСофия
_bФак. по слав. филологии. на СУ Св. Кл. Охридски
_c2020
_9467507
300 _a238 с.
_bс диагр., табл.
_c20 см
380 _a80
500 _aБиогр. данни за авт. отбелязани на гърба на кор. - Рец.: Красимира Алексова, Ангел Ангелов. - .
504 _aБиблиогр.: с. 224-236
650 0 _aБългарски език - социални и професионални диалекти
_9293684
653 7 _aлексикология
_9189786
852 _bП
_c811.163.2/А 12 С
942 _cKNG
_n0
_s1
_01
944 _k30531
_lЦветелина Шанова
944 _kГГГ
_aED
_c2021-11-18